000 00500nam a2200121Ia 4500
008 220615s9999||||xx |||||||||||||| ||und||
100 _aKumar, Radha
245 0 _aPolice Matters
_bThe Everyday State and Caste Politics in South India, 1900–1975
546 _aEnglish[eng]
650 _apolice caste india, policing south india, Madurai police, chennai police, london police, colonial police
856 _uhttps://library.oapen.org/bitstream/20.500.12657/49454/1/9781501760860.pdf
942 _cEB
999 _c11416
_d11416